书目信息 |
| 题名: |
乐高EV3机器人创意编程精彩实例
|
|
| 作者: | ;码高机器人教育 编著 | |
| 分册: | ||
| 出版信息: | 北京 机械工业出版社 2017 |
|
| 页数: | 231页 | |
| 开本: | 23cm | |
| 丛书名: | ||
| 单 册: | ||
| 中图分类: | TP242.6 | |
| 科图分类: | ||
| 主题词: | 智能机器人--Zhi Neng Ji Qi Ren--程序设计 | |
| 电子资源: | ||
| ISBN: | 978-7-111-55497-4 | |
| 000 | 01120nam0 2200253 450 | |
| 001 | CAL 012017000484 | |
| 005 | 20170619160609.85 | |
| 010 | @a978-7-111-55497-4@b@dCNY89.00 | |
| 099 | @aCAL 012017000484 | |
| 100 | @a20170103d2017 em y0chiy50 ea | |
| 101 | 0 | @achi |
| 102 | @aCN@b110000 | |
| 105 | @aa z 000yy | |
| 106 | @ar | |
| 200 | 1 | @a乐高EV3机器人创意编程精彩实例@ALe Gao EV3 Ji Qi Ren Chuang Yi Bian Cheng Jing Cai Shi Li@f码高机器人教育编著@g |
| 210 | @a北京@c机械工业出版社@d2017 | |
| 215 | @a231页@c彩图@d23cm | |
| 330 | @a本书共4章。每章即为一个系列,每个系列中包含数量不等的主题创意结构设计,全书采用图片为主的形式展示每个主题创意结构设计的静态资料,同时对每个作品配备二维码,通过手机扫描二维码可以浏览相关主题结构设计的动态搭建过程或者相关视频资料。通过动静结合的方式对相关机器人结构设计进行完美展示,以期读者群能够通过本书的学习掌握机器人结构设计的精髓。 | |
| 606 | 0 | @a智能机器人@AZhi Neng Ji Qi Ren@x程序设计 |
| 690 | @aTP242.6@v5 | |
| 711 | 02 | @a码高机器人教育@AMa Gao Ji Qi Ren Jiao Yu@4编著 |
| 801 | 0 | @aCN@bZHONGJIAO@c20170609@g |
| 905 | @aBZT@dTP242.6@e1 | |
| 906 | @dCNY89.00@n3@r1 | |
| 乐高EV3机器人创意编程精彩实例/码高机器人教育编著.-北京:机械工业出版社,2017 |
| 231页:彩图;23cm |
| ISBN 978-7-111-55497-4:CNY89.00 |
| 本书共4章。每章即为一个系列,每个系列中包含数量不等的主题创意结构设计,全书采用图片为主的形式展示每个主题创意结构设计的静态资料,同时对每个作品配备二维码,通过手机扫描二维码可以浏览相关主题结构设计的动态搭建过程或者相关视频资料。通过动静结合的方式对相关机器人结构设计进行完美展示,以期读者群能够通过本书的学习掌握机器人结构设计的精髓。 |
| ● |
| 相关链接 |
|
|
|
正题名:乐高EV3机器人创意编程精彩实例
索取号:TP242.6/1
 
预约/预借
| 序号 | 登录号 | 条形码 | 馆藏地/架位号 | 状态 | 备注 |
| 1 | 830919 | 2000830919 | 第二书库/ [索取号:TP242.6/1] | 在馆 | |
| 2 | 830920 | 2000830920 | 第二书库/ [索取号:TP242.6/1] | 在馆 | |
| 3 | 830921 | 2000830921 | 第二书库/ [索取号:TP242.6/1] | 在馆 |